Oeuvres d'Art pour Chaque Art par Images - Statistiques

Statistiques générales
  • Ce quiz a été pris 199 fois
  • Le résultat moyen est 5 sur 10
Statistiques - réponses
Par images Hint Réponse % Correct
Cinéma Le Parrain
87%
Bande dessinée Astérix
80%
Arts de la scène Le Lac des cygnes
77%
Musique Thriller
71%
Littérature 1984
62%
Architecture Viaduc de Millau
60%
Sculpture Manneken Pis
52%
Arts visuels Le Désespéré
16%
Jeu vidéo Outer Wilds
8%
Arts médiatiques Portrait d'Edmond de Bellamy
1%
Aucun quiz correspondant
Distribution des résultats
% des personnes avec chaque résultat
Percentile par nombre de réponses
Votre historique - résultats
Vous n’avez pas pris ce quiz